macbeth (Record no. 251852)

MARC details
000 -LEADER
fixed length control field 00523nam a2200169Ia 4500
008 - FIXED-LENGTH DATA ELEMENTS--GENERAL INFORMATION
fixed length control field 090201s9999 xx 000 0 und d
010 ## - LIBRARY OF CONGRESS CONTROL NUMBER
LC control number KPL-74369
040 ## - CATALOGING SOURCE
Language of cataloging इंग्रजी
041 ## - LANGUAGE CODE
Language code of text/sound track or separate title इंग्रजी
082 ## - DEWEY DECIMAL CLASSIFICATION NUMBER
Classification number 55597
Item number 74369
100 ## - MAIN ENTRY--PERSONAL NAME
Personal name w.turner ेेेेेेेेेेेेेshakespeare/
245 ## - TITLE STATEMENT
Title macbeth
Statement of responsibility, etc w.turner ेेेेेेेेेेेेेshakespeare/
260 ## - PUBLICATION, DISTRIBUTION, ETC. (IMPRINT)
Date of publication, distribution, etc 1998
Name of publisher, distributor, etc s.chand & co
300 ## - PHYSICAL DESCRIPTION
Extent 253
Other physical details मध्यम
600 ## - SUBJECT ADDED ENTRY--PERSONAL NAME
Personal name macbeth
942 ## - ADDED ENTRY ELEMENTS (KOHA)
Koha item type Book
Holdings
Withdrawn status Lost status Damaged status Not for loan Home library Current library Date acquired Cost, normal purchase price Total Checkouts Barcode Date last seen Copy number Cost, replacement price Price effective from Koha item type
        Sarvajanik Wachanalaya, Kalyan Sarvajanik Wachanalaya, Kalyan   60.00   KPL-74369 02/01/2009 1 60.00 02/01/2009 Book